Труды Донецкого индустриального института. Вып. № 3: Современное развитие агломерации на южных заводах и влияние агломерата на результаты доменной плавки (Запись № 13614120)

Подробности
000 -МАРКЕР
контрольное поле 01120nam2a2200229 4500
001 - ИДЕНТИФИКАТОР ЗАПИСИ
контрольное поле rc\2995347
005 - ИДЕНТИФИКАТОР ВЕРСИИ
контрольное поле 20260315063339.0
035 ## - ДРУГИЕ СИСТЕМНЫЕ НОМЕРА
Идентификатор записи (NLR Aleph) 007139110
100 ## - ДАННЫЕ ОБЩЕЙ ОБРАБОТКИ
Данные общей обработки 20110916d1940 u y0rusy50 ca
101 0# - ЯЗЫК РЕСУРСА
Язык текста, звукозаписи и т.д. русский
102 ## - СТРАНА ПУБЛИКАЦИИ ИЛИ ПРОИЗВОДСТВА
Страна публикации Российская Федерация
105 ## - ПОЛЕ КОДИРОВАННЫХ ДАННЫХ: ТЕКСТОВЫЕ МАТЕРИАЛЫ, МОНОГРАФИЧЕСКИЕ
Кодированные данные о монографическом текстовом документе y z |||||
200 1# - ЗАГЛАВИЕ И СВЕДЕНИЯ ОБ ОТВЕТСТВЕННОСТИ
Основное заглавие Современное развитие агломерации на южных заводах и влияние агломерата на результаты доменной плавки
Первые сведения об ответственности Кафедра металлургии чугуна
210 ## - ПУБЛИКАЦИЯ, РАСПРОСТРАНЕНИЕ И ДР.
Дата издания, распространения и т.д. 1940
461 #0 - УРОВЕНЬ НАБОРА
Встроенное поле 001rc\2995344
-- 2001#$aТруды Донецкого индустриального института$eВып. № 1-$vВып. № 3
Системный номер (АБИС) связанной записи 7037217
Автор Донецкий политехнический институт
Место публикации Харьков
Дата публикации 1940
Имя издателя, распространителя и т.д. Металлургиздат
Сведения, относящиеся к заглавию Вып. № 1-
Заглавие Труды Донецкого индустриального института
Номер тома Вып. № 3
700 #1 - ИМЯ ЛИЦА - ПЕРВИЧНАЯ ОТВЕТСТВЕННОСТЬ
Начальный элемент ввода Мессерле
Часть имени, кроме начального элемента ввода К.В.
801 #0 - ИСТОЧНИК ЗАПИСИ
Страна Российская Федерация
Организация NLR
Правила каталогизации psbo
801 #1 - ИСТОЧНИК ЗАПИСИ
Страна Российская Федерация
Организация ELAR
Источник данных rusmarc
852 ## - МЕСТОНАХОЖДЕНИЕ И ШИФР ХРАНЕНИЯ
Идентификатор организации NLR
Шифр хранения (Call Number) 40-17/151
942 ## - ДОПОЛНИТЕЛЬНЫЕ ЭЛЕМЕНТЫ ЗАПИСИ (АБИС)
Тип экземпляра АБИС Неопределено
980 ## - КОЛЛЕКЦИЯ
Название коллекции Национальная библиография

Нет доступных экземпляров.